| 000 | 00675cam a2200229 a 4500 | ||
|---|---|---|---|
| 001 | 000009596 | ||
| 005 | 20200929161633.0 | ||
| 008 | 761026s1975 sp 000 1 spa | ||
| 020 | _a8432505374 | ||
| 040 |
_aDO-SdBNP _bspa _cLC _dBNGR |
||
| 082 |
_aCh863.44 _bA117L |
||
| 100 | 1 |
_aAbalos, Carmen. _924439 |
|
| 245 | 1 | 0 |
_aLibertad condicional / _cCarmen Abalos. |
| 260 |
_aMadrid : _bDoncel, _c1975. |
||
| 300 |
_a125 p. ; _c18 cm. |
||
| 490 | 1 |
_aEl libro de bolsillo Doncel _v80 |
|
| 650 | 4 |
_aCuentos chilenos _914649 |
|
| 650 | 4 |
_aLiteratura chilena _93164 |
|
| 830 | 0 |
_aEl Libro de Bolsillo Doncel ; _v80 _98628 |
|
| 910 | _aCatalogación por copia / LC | ||
| 049 | _aBNGR | ||
| 999 |
_c9356 _d9356 |
||